Segundas Jornadas Españolas de Documentación Automatizada : 20, 21, 22 de Noviembre de 1986 : Ponencias y Comunicaciones / organizan: Asociación Andaluza de Bibliotecarios, Consorci d' Informació i Documentació de Catalunya (CIDC), Instituto de Información y Documentación en Ciencia y Tecnologia (ICYT) 20, 21, 22 de Noviembre de 1986 :
MARC
| LEADER | 00000nam a2200000Ia 4500 | ||
|---|---|---|---|
| 001 | 8834 | ||
| 003 | BGR | ||
| 005 | 20260324175405.0 | ||
| 008 | 160829s1986 xx 000 0 cat d | ||
| 080 | |a A-2-22 | ||
| 111 | |a Jornadas Españolas de Documentación Automatizada |9 71228 |c (Sevilla : |d 1986) | ||
| 245 | |a Segundas Jornadas Españolas de Documentación Automatizada : |b 20, 21, 22 de Noviembre de 1986 : |b Ponencias y Comunicaciones / organizan: |b Asociación Andaluza de Bibliotecarios, Consorci d' Informació i Documentació de Catalunya (CIDC), Instituto de Información y Documentación en Ciencia y Tecnologia (ICYT) | ||
| 260 | |a Sevilla : |b Dirección General de Fomento y Promoción Cultural, Consejería de Cultura, |c 1986 | ||
| 300 | |a XV, 904 p. ; |c 21 cm | ||
| 650 | 0 | |a Informació |x Sistemes d'emmagatzematge i recuperació |9 28065 | |
| 710 | 2 | |a Consorci d'Informació i Documentació de Catalunya |9 54862 | |
| 710 | 1 | |a Andalusia |9 51320 |b Junta |b Consejería de Cultura | |
| 710 | 2 | |a Asociación Andaluza de Bibliotecarios |9 70310 | |
| 710 | 2 | |a Instituto de Información y Documentación en Ciencia y Tecnología (Madrid) |9 70311 | |
| 901 | |a Arxiu | ||
| 942 | |n 1 |2 udc |c MON | ||
| 952 | |0 0 |1 0 |4 0 |6 A222 |7 1 |9 45502 |a Arxiu |b Arxiu |d 2016-12-01 |l 0 |o A-2-22 |p 8834 |r 2016-12-01 00:00:00 |w 2016-12-01 |y ARXIU | ||
| 999 | |c 48667 |d 48667 | ||